| 000 | 01111cam a2200313 i 4500 | ||
|---|---|---|---|
| 001 | 24728 | ||
| 003 | Mx-PuUPA | ||
| 005 | 20250828130407.0 | ||
| 008 | 140415s2021 mx gr 000 0 spa d | ||
| 020 | _a9786078631575 | ||
| 040 |
_aMx-PuUPA _bspa _cMx-PuUPA _dMx-PuUPA _erda |
||
| 041 | 0 | _aspa | |
| 100 | 1 |
_aBeuchot, Mauricio, _d1950- _eautor _914180 |
|
| 245 | 1 | 0 |
_aHermenéutica, metafísica y conocimiento / _cMauricio Beuchot |
| 250 |
_aPrimera edición / _bdiciembre |
||
| 264 | 1 |
_aPuebla, México : _bUniversidad Popular Autónoma del Estado de Puebla, _c2021 |
|
| 300 |
_a149 páginas ; _c22 cm |
||
| 336 |
_2rdacontent _atexto _btxt |
||
| 337 |
_2rdamedia _asin medio _bn |
||
| 338 |
_2rdacarrier _avolumen _bnc |
||
| 650 | 7 |
_2armarc _aHerméneutica |
|
| 650 | 7 |
_2armarc _aMetafísica |
|
| 650 | 7 |
_2armarc _aConocimiento |
|
| 942 |
_2ddc _cLI _h121.686 _iB564 |
||
| 999 |
_c24728 _d24728 |
||